Rozhodovanie v inovačnom procese

Gespeichert in:
Bibliographische Detailangaben
1. Verfasser: Dugas, Jaroslav, 1967-
Weitere Verfasser: Krištanová, Anna
Format: Buchkapitel
Sprache:Slowakisch
Tags: Tag hinzufügen
Keine Tags, Fügen Sie das erste Tag hinzu!

MARC

LEADER 00000nla a2200000 4500
001 0240144
005 20240502073909.9
041 0 |a slo 
044 |a SK 
245 1 0 |a Rozhodovanie v inovačnom procese 
500 |a Abstrakt 
100 1 |a Dugas, Jaroslav, 1967- 
700 1 |a Krištanová, Anna